El delito de impago de pensiones

Bibliographic Details
Main Author: Bernal del Castillo, Jess︢
Other Authors: Sur̀ez Montes, Rodrigo Fabio (pr)
Format: Unknown
Language:Spanish
Published: Barcelona : Jos ̌Mara̕ Bosch, 1997
Series:Biblioteca de derecho penal
Subjects:
Online Access:Acceso restringido

MARC

LEADER 00000ny a22000003n 4500
005 20110621122336.0
008 980708s1997 sp s 000 0 spa c
017 |a Z1334-1997 
020 |a 8476984308 
035 |a 1163 
040 |a UMA.DER  |d vlex 
040 |a UMA.RE  |d vlex 
080 |a 343.23:369.34 
080 |a 369.34:343.23 
090 |c 1278  |d 1278 
100 1 |a Bernal del Castillo, Jess︢ 
245 1 3 |a El delito de impago de pensiones  |h [Recurso electrn̤ico]  |c Jess︢ Bernal del Castillo ; prl̤ogo de Rodrigo Fabio Sur̀ez Montes 
256 |a Servicio en ln̕ea 
260 |a Barcelona :  |b Jos ̌Mara̕ Bosch,  |c 1997 
300 |a 110 p. ;  |c 24 cm 
490 1 |a Biblioteca de derecho penal 
504 |a Bibliografa̕: p. 101-107 
506 1 |a Contenido solo disponible en los productos indicados  |d vLex Global  |d vLex Global (Academic Edition, excluding Law Schools)  |d vLex Global (U.S. Academic Edition, Law Schools)  |d vLex Global (U.S. Academic Edition, excluding Law Schools)  |d vLex Global (Academic Edition, Law Schools) 
650 0 7 |a Penal  |2 Tesauro vLex 
650 0 7 |a Delito  |2 Tesauro vLex 
650 0 7 |a Pensin̤  |2 Tesauro vLex 
650 0 7 |a Seguridad social  |2 Tesauro vLex 
650 0 7 |a Impago de pensin̤ alimenticia  |2 Tesauro vLex 
650 0 7 |a Delitos contra los derechos familiares  |2 Tesauro vLex 
700 1 |a Sur̀ez Montes, Rodrigo Fabio,  |e pr 
740 0 |a vLex Libros (Servicios en ln̕ea) 
856 4 0 |u http://vlex.com/source/1163  |z Acceso restringido 
942 |c BOOK